Normal view MARC view

Entry Personal Name

Number of records used in: 1

001 - CONTROL NUMBER

  • control field: 1179006

003 - CONTROL NUMBER IDENTIFIER

  • control field: OSt

005 - DATE AND TIME OF LATEST TRANSACTION

  • control field: 20260324125715.0

008 - FIXED-LENGTH DATA ELEMENTS

  • fixed length control field: 260324|| aca||aabn | a|a d

040 ## - CATALOGING SOURCE

  • Original cataloging agency: OSt
  • Transcribing agency: OSt

100 ## - HEADING--PERSONAL NAME

  • Personal name: Sara Munson Deats; Robert A. Logan

670 ## - SOURCE DATA FOUND

  • Source citation: Work cat.: (OSt)1774517: Sara Munson Deats; Robert A. Logan, Placing the Plays of Christopher Marlowe
Copyright @ Delhi University Library System